| 000 | 00527nam a2200157Ia 4500 | ||
|---|---|---|---|
| 020 | _a0195778510(hb) | ||
| 082 |
_a923.15491 _bJIN _cD |
||
| 245 | _aJinnah: the founder of Pakistan in the eyes of his contemporaries and his documentary records at Lincoln's Inn. | ||
| 260 | _aKarachi: Oxford University Press,1998. | ||
| 300 | _a176p. | ||
| 526 |
_a0 _b0 _c0 _d923_154910000000000_JIN |
||
| 650 |
_aJinnah, Muhammad Ali,1876-1948. _97100 |
||
| 650 |
_aMCE _9379 |
||
| 700 |
_aSaleem Qureshi. (comp.). _946033 |
||
| 942 |
_2ddc _cBK |
||
| 999 |
_c549380 _d549380 |
||